Standard methods : for the examination of water and wastewater
Saved in:
| Corporate Author: | |
|---|---|
| Other Authors: | |
| Format: | Book |
| Language: | English |
| Published: |
Washington :
American Public Health Association,
1985
|
| Edition: | 16th ed. |
| Subjects: | |
| Tags: |
Add Tag
No Tags, Be the first to tag this record!
|
MARC
| LEADER | 00000nam a2200000 i 4500 | ||
|---|---|---|---|
| 001 | 1/7003 | ||
| 008 | 960722s1985 eng d | ||
| 020 | |a 0-87553-131-8 | ||
| 035 | |l 10016552 | ||
| 040 | |a GR-MY-UA |b gre |e aacr | ||
| 041 | 0 | |a eng | |
| 082 | 0 | |a 628.161 | |
| 110 | 2 | |a American Public Health Association. | |
| 245 | 1 | 0 | |a Standard methods : |b for the examination of water and wastewater / |c American Public Health Association ; edited by Arnold E. Greenberg ... [κ.ά.] |
| 250 | |a 16th ed. | ||
| 260 | |a Washington : |b American Public Health Association, |c 1985 | ||
| 300 | |a xlix, 1268 σ.; |b εικ.; |c 24 εκ. | ||
| 504 | |a Περιέχει βιβλιογραφικές παραπομπές και ευρετήρια | ||
| 650 | 0 | 0 | |a Water |x Analysis. |
| 650 | 0 | 0 | |a Sewage |x Analysis. |
| 700 | 1 | |a Greenberg, Arnold E. |4 edt | |
| 852 | |a INST |b LESVOS |e 19960722 |h 628.161 STA |p 005100003298 |q 005100003298 |t BK |y 0 | ||
| 852 | |a INST |b LESVOS |e 19960722 |h 628.161 STA |p 005100003400 |q 005100003400 |t BK |y 0 | ||
| 852 | |a INST |b LESVOS |e 19960722 |h 628.161 STA |p 005100008689 |q 005100008689 |t BK |y 0 | ||
| 909 | |a Λ |b 012385 | ||